|
|
|
|
| LEADER |
00000nam a2200000 ub4500 |
| 001 |
PL0006002 |
| 003 |
PLI01000000000000000005917 |
| 005 |
00000000000000.0 |
| 008 |
||| u |
| 020 |
|
|
|a 0-7923-1553-7
|
| 020 |
|
|
|a 9780792315537
|
| 090 |
|
|
|a 505.1-Pie/1
|
| 100 |
1 |
|
|a Pierce, Amy E.
|
| 245 |
0 |
0 |
|a Language acquisition and syntactic theory
|b a comparative analysis of French and English child grammars
|c Amy E. Pierce
|
| 260 |
|
|
|a Dordrecht [etc.]
|b Kluwer Academic
|c 1992
|
| 300 |
|
|
|a XI, 173 p.
|
| 490 |
0 |
|
|a Cambridge studies in oral and literate culture
|v 14
|
| 500 |
|
|
|a Rev. of thesis (doctoral) 1989
|
| 650 |
|
4 |
|a Language acquisition
|
| 650 |
|
4 |
|a Grammar, Comparative and general-Syntax
|
| 650 |
|
4 |
|a French language-Grammar, Comparative-English
|
| 650 |
|
4 |
|a English-Grammar, Comparative-French
|
| 830 |
|
0 |
|w PL0000945
|
| 852 |
|
|
|c 505.1-Pie/1
|m BOOK
|